| 000 | 00000nam##2200000za#4500 |
| 001 | 9.698212 |
| 003 | CaOODSP |
| 005 | 20210624235828 |
| 007 | cr ||||||||||| |
| 008 | 150407|1965||||xxc|||||o f|0| 0 eng|d |
| 040 | |aCaOODSP|beng |
| 043 | |an-cn--- |
| 086 | 1 |aA43-627/1965E-PDF |
| 110 | 1 |aCanada.|bAgriculture Canada.|bResearch Branch. |
| 245 | 10|aCare of farm dairy equipment / |h[electronic resource]|c[by] C.K. Johns. |
| 250 | |aRevised 1965 |
| 260 | |aOttawa - Ontario : |bAgriculture Canada. |c1965. |
| 300 | |a12p.|breferences, photographs |
| 500 | |aHistorical publication digitized by Agriculture and Agri-Food Canada. "First issued as 'The Care of Farm Dairy Utensils' 1938."--p.12 of 12. |
| 590 | |a13-17-Supp|b2013-07-25 |
| 690 | 07|aHygiene|2gcpds |
| 690 | 07|aDairy industry|2gcpds |
| 775 | 08|tEntretien des ustensiles laitiers de la ferme / |w(CaOODSP)9.641591 |
| 856 | 40|ahttp://publications.gc.ca|qPDF|s1.14 MB|uhttps://publications.gc.ca/collections/collection_2013/aac-aafc/agrhist/A43-627-1965-eng.pdf |